<?xml version="1.0" encoding="UTF-8"?>
<record
    xmlns:xsi="http://www.w3.org/2001/XMLSchema-instance"
    xsi:schemaLocation="http://www.loc.gov/MARC21/slim http://www.loc.gov/standards/marcxml/schema/MARC21slim.xsd"
    xmlns="http://www.loc.gov/MARC21/slim">

  <leader>01449nam0a22003251  4500</leader>
  <controlfield tag="001">rc\3533942</controlfield>
  <controlfield tag="005">20250610032912.0</controlfield>
  <datafield tag="021" ind1=" " ind2=" ">
    <subfield code="a">RU</subfield>
    <subfield code="b">[73-47896]</subfield>
  </datafield>
  <datafield tag="035" ind1=" " ind2=" ">
    <subfield code="a">(NLR Aleph) 007666691</subfield>
  </datafield>
  <datafield tag="090" ind1=" " ind2=" ">
    <subfield code="a">6390538</subfield>
    <subfield code="c">6390538</subfield>
  </datafield>
  <datafield tag="100" ind1=" " ind2=" ">
    <subfield code="a">20130115d1973    |||y0rusy50      ca</subfield>
  </datafield>
  <datafield tag="101" ind1="0" ind2=" ">
    <subfield code="a">rus</subfield>
  </datafield>
  <datafield tag="102" ind1=" " ind2=" ">
    <subfield code="a">RU</subfield>
  </datafield>
  <datafield tag="105" ind1=" " ind2=" ">
    <subfield code="a">y   z   |||||</subfield>
  </datafield>
  <datafield tag="200" ind1="1" ind2=" ">
    <subfield code="a">&#x41E; &#x434;&#x435;&#x442;&#x44F;&#x445; &#x441; &#x43E;&#x442;&#x43A;&#x43B;&#x43E;&#x43D;&#x435;&#x43D;&#x438;&#x44F;&#x43C;&#x438; &#x432; &#x440;&#x430;&#x437;&#x432;&#x438;&#x442;&#x438;&#x438;</subfield>
  </datafield>
  <datafield tag="205" ind1=" " ind2=" ">
    <subfield code="a">2-&#x435; &#x438;&#x437;&#x434;., &#x438;&#x441;&#x43F;&#x440;. &#x438; &#x434;&#x43E;&#x43F;.</subfield>
  </datafield>
  <datafield tag="210" ind1=" " ind2=" ">
    <subfield code="a">&#x41C;&#x43E;&#x441;&#x43A;&#x432;&#x430;</subfield>
    <subfield code="c">&#x41F;&#x440;&#x43E;&#x441;&#x432;&#x435;&#x449;&#x435;&#x43D;&#x438;&#x435;</subfield>
    <subfield code="d">1973</subfield>
  </datafield>
  <datafield tag="215" ind1=" " ind2=" ">
    <subfield code="a">175 &#x441;.</subfield>
    <subfield code="d">22</subfield>
  </datafield>
  <datafield tag="225" ind1="1" ind2=" ">
    <subfield code="a">&#x411;&#x438;&#x431;&#x43B;&#x438;&#x43E;&#x442;&#x435;&#x43A;&#x430; &#x434;&#x438;&#x440;&#x435;&#x43A;&#x442;&#x43E;&#x440;&#x430; &#x448;&#x43A;&#x43E;&#x43B;&#x44B;</subfield>
  </datafield>
  <datafield tag="300" ind1=" " ind2=" ">
    <subfield code="a">1-&#x435; &#x438;&#x437;&#x434;. &#x432;&#x44B;&#x448;&#x43B;&#x43E; &#x43F;&#x43E;&#x434; &#x437;&#x430;&#x433;&#x43B;.: &#x423;&#x447;&#x438;&#x442;&#x435;&#x43B;&#x44E; &#x43E; &#x434;&#x435;&#x442;&#x44F;&#x445; &#x441; &#x43E;&#x442;&#x43A;&#x43B;&#x43E;&#x43D;&#x435;&#x43D;&#x438;&#x44F;&#x43C;&#x438; &#x432; &#x440;&#x430;&#x437;&#x432;&#x438;&#x442;&#x438;&#x438;</subfield>
  </datafield>
  <datafield tag="451" ind1=" " ind2="0">
    <subfield code="1">2001#$a&#x423;&#x447;&#x438;&#x442;&#x435;&#x43B;&#x44E; &#x43E; &#x434;&#x435;&#x442;&#x44F;&#x445; &#x441; &#x43E;&#x442;&#x43A;&#x43B;&#x43E;&#x43D;&#x435;&#x43D;&#x438;&#x44F;&#x43C;&#x438; &#x432; &#x440;&#x430;&#x437;&#x432;&#x438;&#x442;&#x438;&#x438;</subfield>
    <subfield code="1">205##$a1-&#x435; &#x438;&#x437;&#x434;.</subfield>
    <subfield code="t">&#x423;&#x447;&#x438;&#x442;&#x435;&#x43B;&#x44E; &#x43E; &#x434;&#x435;&#x442;&#x44F;&#x445; &#x441; &#x43E;&#x442;&#x43A;&#x43B;&#x43E;&#x43D;&#x435;&#x43D;&#x438;&#x44F;&#x43C;&#x438; &#x432; &#x440;&#x430;&#x437;&#x432;&#x438;&#x442;&#x438;&#x438;</subfield>
  </datafield>
  <datafield tag="606" ind1=" " ind2=" ">
    <subfield code="a">&#x414;&#x435;&#x442;&#x438; &#x441; &#x437;&#x430;&#x434;&#x435;&#x440;&#x436;&#x43A;&#x43E;&#x439; &#x43F;&#x441;&#x438;&#x445;&#x438;&#x447;&#x435;&#x441;&#x43A;&#x43E;&#x433;&#x43E; &#x440;&#x430;&#x437;&#x432;&#x438;&#x442;&#x438;&#x44F;</subfield>
    <subfield code="x">&#x418;&#x437;&#x443;&#x447;&#x435;&#x43D;&#x438;&#x435;</subfield>
    <subfield code="2">psbo</subfield>
  </datafield>
  <datafield tag="700" ind1=" " ind2="1">
    <subfield code="7">ca</subfield>
    <subfield code="8">rus</subfield>
    <subfield code="a">&#x412;&#x43B;&#x430;&#x441;&#x43E;&#x432;&#x430;</subfield>
    <subfield code="b">&#x422;. &#x410;.</subfield>
    <subfield code="c">&#x434;-&#x440; &#x43F;&#x441;&#x438;&#x445;&#x43E;&#x43B;. &#x43D;&#x430;&#x443;&#x43A;, &#x434;&#x435;&#x444;&#x435;&#x43A;&#x442;&#x43E;&#x43B;&#x43E;&#x433;</subfield>
    <subfield code="f">1905-1986</subfield>
    <subfield code="g">&#x422;&#x430;&#x442;&#x44C;&#x44F;&#x43D;&#x430; &#x410;&#x43B;&#x435;&#x43A;&#x441;&#x430;&#x43D;&#x434;&#x440;&#x43E;&#x432;&#x43D;&#x430;</subfield>
    <subfield code="9">234235</subfield>
    <subfield code="3">RU\NLR\AUTH\770234291</subfield>
  </datafield>
  <datafield tag="701" ind1=" " ind2="1">
    <subfield code="a">&#x41F;&#x435;&#x432;&#x437;&#x43D;&#x435;&#x440;</subfield>
    <subfield code="b">&#x41C;.&#x421;.</subfield>
    <subfield code="g">&#x41C;&#x430;&#x440;&#x438;&#x44F; &#x421;&#x435;&#x43C;&#x435;&#x43D;&#x43E;&#x432;&#x43D;&#x430;</subfield>
  </datafield>
  <datafield tag="801" ind1=" " ind2="0">
    <subfield code="a">RU</subfield>
    <subfield code="b">NLR</subfield>
    <subfield code="g">psbo</subfield>
  </datafield>
  <datafield tag="801" ind1=" " ind2="1">
    <subfield code="a">RU</subfield>
    <subfield code="b">ELAR</subfield>
    <subfield code="2">rusmarc</subfield>
  </datafield>
  <datafield tag="852" ind1=" " ind2=" ">
    <subfield code="a">NLR</subfield>
    <subfield code="j">73-5/2381</subfield>
  </datafield>
  <datafield tag="942" ind1=" " ind2=" ">
    <subfield code="c">BOOK</subfield>
  </datafield>
  <datafield tag="980" ind1=" " ind2=" ">
    <subfield code="a">NB</subfield>
  </datafield>
  <datafield tag="995" ind1=" " ind2=" ">
    <subfield code="5">2013-10-26</subfield>
    <subfield code="b">NLR01</subfield>
    <subfield code="c">NLR01</subfield>
    <subfield code="e">RF91</subfield>
    <subfield code="f">1-1935333</subfield>
    <subfield code="k">73-5/2381</subfield>
    <subfield code="o">0</subfield>
    <subfield code="r">BOOK</subfield>
    <subfield code="s">7352381_</subfield>
  </datafield>
  <datafield tag="995" ind1=" " ind2=" ">
    <subfield code="5">2015-07-02</subfield>
    <subfield code="b">NLR01</subfield>
    <subfield code="c">NLR01</subfield>
    <subfield code="e">RF91</subfield>
    <subfield code="f">1-1038276</subfield>
    <subfield code="k">73-5/2381</subfield>
    <subfield code="o">0</subfield>
    <subfield code="r">BOOK</subfield>
    <subfield code="s">7352381_</subfield>
  </datafield>
</record>
